| 000 | 00963nam a22002535a 4500 | ||
|---|---|---|---|
| 005 | 20160302130826.0 | ||
| 008 | 140305s2014 ua a fr 000 0 eng d | ||
| 020 | _a9789779012711 | ||
| 040 |
_aEG-ScBUE _beng _cEG-ScBUE _dEG-ScBUE |
||
| 043 | _af-ua--- | ||
| 082 | 0 | 4 |
_a343.62052 _bEGY _222 |
| 245 | 1 | 0 |
_aEgyptian income tax / _cedited by Said Abd El-Moniem. |
| 250 | _a4th ed. | ||
| 260 |
_aCairo : _bAin Shams Bookshop, _c2014. |
||
| 300 |
_a2 Part : _btables ; _c23 cm. |
||
| 490 | 0 |
_aTax Accounting ; _v2-3 |
|
| 505 | _a1 pt. Income tax of natural persons -- 2 pt. Income tax of Juridical persons, Tax withheld at source, Accounting standard for accounting for income taxes, Obligations of taxpayers. | ||
| 650 | 0 |
_aIncome tax _xLaw and legislation _zEgypt. _2BUEsh _935383 |
|
| 651 | _2BUEsh | ||
| 653 |
_bBUSADM _cMay2014 _cAugust2015 _cMarch2016 |
||
| 655 |
_vText book _933728 |
||
| 700 | 1 |
_aAbd El-Moniem, Said, _eeditor. |
|
| 942 |
_2ddc _k343.62052 EGY |
||
| 999 |
_c18092 _d18064 |
||